| 000 | 01029nam a22003257a 4500 | ||
|---|---|---|---|
| 003 | CHAP | ||
| 005 | 20220817042917.0 | ||
| 008 | 971013s1994 r 00010 d | ||
| 010 | _a59650 | ||
| 011 | _a60622 | ||
| 035 | _a64784 | ||
| 040 | _cCHAP | ||
| 082 |
_a634.928 _bI7 |
||
| 100 | 0 | 0 |
_aIrland, Lloyd _eed. _960357 |
| 245 | _aEthics in forestry | ||
| 260 |
_aPortland, Oregon : _bTimber Press, _c1994 |
||
| 300 |
_a458 p. _b: ilus. |
||
| 590 |
_aBATCH-UPD _b10 _c20130110 _lUCH01 _h0318 |
||
| 590 |
_aBATCH-UPD _b10 _c20130110 _lUCH01 _h1609 |
||
| 590 |
_aBATCH-UPD _b10 _c20130409 _lUCH01 _h2351 |
||
| 590 |
_aBATCH-UPD _b10 _c20130914 _lUCH01 _h0702 |
||
| 590 |
_aCONVERSION _b10 _c20130109 _lUCH01 _h1332 |
||
| 650 | 1 | 4 |
_aBosques _xAdministración. _914003 |
| 650 | 1 | 4 |
_aBosques _xPreservación. |
| 650 | 1 | 4 |
_aÉtica profesional. _982781 |
| 650 | 1 | 4 |
_aRecursos forestales _xConservación. _995044 |
| 901 | _aBK | ||
| 942 | _cLIBRO | ||
| 949 |
_a634.928 I7 _bBC _cLIBRO _d33724000083952 _eLIBRO _gI. 181152 _h90182 _i64784 _si _t370.00 |
||
| 999 |
_c59650 _d59650 |
||